000 00548nam a2200193 i 4500
001 bg
100 1 _aKuźnicki, Franciszek.
245 0 _aPodstawy gleboznawstwa z elementami kartografii i ochrony gleb /
_cF. Kuźnicki, St. Białousz, P. Skłodowski.
260 _aWarszawa,
_c1979.
650 9 _aGleboznawstwo
655 _aPodręczniki
700 1 _aBiałousz, Stanisław.
700 1 _aSkłodowski, Piotr.
040 _cBPK
041 _apol
080 _a631.4:528.9](07)
942 _cKS
008 s pl f |000 0 pol
999 _c18858
_d18858
856 _uhttp://koha.tu.koszalin.pl/cgi-bin/koha/opac-detail.pl?biblionumber=18858
_yKatalog online BPK